000 00308nam a22001457a 4500
020 _a81-240-0800-0
082 _a894.812.3
_bANU/E
100 _aANURADHA
245 _aELLAM ORMMAKAL
_bSTORY
260 _aKOTTAYAM
_bCURRENT BOOKS
_c1999
300 _a115
520 _aNOVEL
650 _aNOVEL
942 _cBK
999 _c4672
_d4672